|
|
|
|
| LEADER |
00000nam2a2200000 4500 |
| 001 |
203059 |
| 005 |
20231031185500.0 |
| 035 |
|
|
|a (RuTPU)RU\TPU\book\221275
|
| 090 |
|
|
|a 203059
|
| 100 |
|
|
|a 20111027d1991 k y0rusy50 ca
|
| 101 |
0 |
|
|a rus
|
| 102 |
|
|
|a RU
|
| 105 |
|
|
|a y z 001zy
|
| 200 |
0 |
|
|a Т. 54:[Охрана окружающей среды в горной промышленности]
|f под ред. П. В. Нестерова
|
| 210 |
|
|
|d 1991
|
| 215 |
|
|
|a 72 с.
|
| 320 |
|
|
|a Библиогр.: с. 54-59.
|
| 320 |
|
|
|a Тематический указатель: с. 60-67.
|
| 320 |
|
|
|a Авторский указатель: с. 67-71.
|
| 461 |
|
1 |
|0 (RuTPU)RU\TPU\book\176998
|x 0202-7410
|t Разработка месторождений твердых полезных ископаемых
|f Академия наук СССР (АН СССР), Всесоюзный институт научной и технической информации (ВИНИТИ)
|v Т. 54:[Охрана окружающей среды в горной промышленности]
|d 1963-1992
|s Разработка месторождений твердых полезных ископаемых
|
| 610 |
1 |
|
|a горная промышленность
|
| 610 |
1 |
|
|a окружающая среда
|
| 610 |
1 |
|
|a охрана
|
| 610 |
1 |
|
|a горные работы
|
| 610 |
1 |
|
|a воздействие
|
| 610 |
1 |
|
|a водные ресурсы
|
| 610 |
1 |
|
|a воздушная среда
|
| 610 |
1 |
|
|a карьеры
|
| 610 |
1 |
|
|a отвалы
|
| 610 |
1 |
|
|a борта
|
| 610 |
1 |
|
|a устойчивость
|
| 610 |
1 |
|
|a земная поверхность
|
| 610 |
1 |
|
|a нарушения
|
| 610 |
1 |
|
|a хозяйственные нужды
|
| 610 |
1 |
|
|a горные выработки
|
| 610 |
1 |
|
|a использование
|
| 675 |
|
|
|a 622.33
|v 3
|
| 702 |
|
1 |
|a Нестеров
|b П. В.
|4 340
|
| 801 |
|
1 |
|a RU
|b 63413507
|c 20111027
|
| 801 |
|
2 |
|a RU
|b 63413507
|c 20131118
|g RCR
|
| 942 |
|
|
|c BK
|